Statistics for Country Names in Korean

Click here to take the quiz!

General Stats

  • This quiz has been taken 637 times
  • The average score is 14 of 24

Answer Stats

Korean Romanized Answer % Correct
베트남betnamVietnam
95%
인도indoIndia
91%
일본ilbonJapan
80%
프랑스prangsFrance
80%
미국migukU.S.A.
73%
한국hangukSouth Korea
72%
미얀마miyanmaBurma
71%
몽고monggoMongolia
69%
영국yeonggukUnited Kingdom
66%
벨로루시belorusiBelarus
66%
중국zunggukChina
60%
태국taegukThailand
58%
기니ghiniGuinea
52%
남수단namsudanSouth Sudan
52%
터키teokiTurkey
47%
키리바시kiribasiKiribati
45%
독일dogilGermany
44%
북한bukhanNorth Korea
43%
호주hozuAustralia
43%
모리셔스morisheusMauritius
39%
대만daemanTaiwan
37%
적도기니zeokdo ghiniEquatorial Guinea
28%
그루지야gruziaGeorgia
23%
베냉benaengBenin
22%

Score Distribution

Percentile by Number Answered

Percent of People with Each Score

Your Score History

You have not taken this quiz